000 00423nam a2200157 i 4500
001 84141
003 ES-MaACL
005 20230906174943.0
007 t|
008 041119s1920 fr ||||1| fre d
100 1 _aJaloux, Edmond.
_965955
245 1 0 _aAu-dessus de la Ville
_b: roman /
_cEdmond Jaloux.
260 _aParis :
_b[s.n.],
_c1920 (
_fCorbeil Creté)
300 _a222 p. ;
_c19 cm.
852 _aES-MaACL
_jF-991
999 _c84141
_d84141